Focus sur: Saeros - Tolkien - Statistiques

Statistiques générales
  • Ce quiz a été pris 7 fois
  • Le résultat moyen est 6 sur 8
Statistiques - réponses
Informations recherchées Réponses % Correct
Age durant lequel il vécut Premier
100%
Profession et titre Conseiller du Roi de Doriath
83%
Royaume Doriath
83%
Espèce Elfe
83%
Première apparition Le Silmarillion
83%
Groupe de l'espèce Nandor
83%
Cité Menegroth
50%
Père Ithilbor
0%
Aucun quiz correspondant
Distribution des résultats
% des personnes avec chaque résultat
Percentile par nombre de réponses
Votre historique - résultats
Vous n’avez pas pris ce quiz